"There's a snake in the house" : (Record no. 110540)
[ view plain ]
| 000 -LEADER | |
|---|---|
| fixed length control field | 00626nam a2200205 a 4500 |
| 001 - CONTROL NUMBER | |
| control field | 0766 |
| 005 - DATE AND TIME OF LATEST TRANSACTION | |
| control field | 20140414131858.0 |
| 008 - FIXED-LENGTH DATA ELEMENTS--GENERAL INFORMATION | |
| fixed length control field | 040929s19uu xx 00 eng d |
| 020 ## - INTERNATIONAL STANDARD BOOK NUMBER | |
| International Standard Book Number | 971-508-031-6 |
| 050 ## - LIBRARY OF CONGRESS CALL NUMBER | |
| Classification number | FIL |
| Item number | T34 1996 |
| 100 ## - MAIN ENTRY--PERSONAL NAME | |
| Personal name | Pacis, Carla M. |
| 245 ## - TITLE STATEMENT | |
| Title | "There's a snake in the house" : |
| Statement of responsibility, etc | Story by Carla M. Pacis ; illustrated by Jo Ann A. Bereber. |
| Remainder of title | may ahas sa loob ng bahay / |
| 260 ## - PUBLICATION, DISTRIBUTION, ETC. (IMPRINT) | |
| Place of publication, distribution, etc | Manila : |
| Name of publisher, distributor, etc | Aklat Adarna, |
| Date of publication, distribution, etc | 1996. |
| 300 ## - PHYSICAL DESCRIPTION | |
| Extent | p. : ill. ; cm. |
| 500 ## - GENERAL NOTE | |
| General note | International Edition |
| 650 ## - SUBJECT ADDED ENTRY--TOPICAL TERM | |
| Topical term or geographic name as entry element | Mess |
| General subdivision | Fiction. |
| 650 ## - SUBJECT ADDED ENTRY--TOPICAL TERM | |
| Topical term or geographic name as entry element | Filipino stories. |
| 650 ## - SUBJECT ADDED ENTRY--TOPICAL TERM | |
| Topical term or geographic name as entry element | Children stories. |
| Withdrawn status | Lost status | Damaged status | Use restrictions | Home library | Current library | Shelving location | Date acquired | Source of acquisition | Total Checkouts | Full call number | Barcode | Date last seen | Price effective from | Koha item type |
|---|---|---|---|---|---|---|---|---|---|---|---|---|---|---|
| Munich Library | Munich Library | Filipiniana Section | 09/29/2004 | FIL T34 1996 | M0966 | 04/14/2014 | 04/14/2014 | Books |